CAL for Europe : computer-assisted learning for Europe : proceedings of a Conference of the European Commission on the Development of Educational Software, Enschede, The Netherlands, 25-28 May 1986

Αποθηκεύτηκε σε:
Λεπτομέρειες βιβλιογραφικής εγγραφής
Συλλογικό Έργο: European Commission on the Development of Educational Software. Conference, Commission of the European Communities
Άλλοι συγγραφείς: Plomp, Tj, Deursen, Koos van, Moonen, Jef
Μορφή: Βιβλίο
Γλώσσα:English
Δημοσίευση: Amsterdam ; New York : Amsterdam, Netherlands : New York, N.Y. : North-Holland ; Elsevier Science Publishers ; Sole distributors for the U.S.A. and Canada, Elsevier Science Pub. Co., 1987.
Θέματα:
Ετικέτες: Προσθήκη ετικέτας
Δεν υπάρχουν, Καταχωρήστε ετικέτα πρώτοι!

MARC

LEADER 00000cam a2200000 i 4500
001 1/36147
008 950710s1987 ne | ||| |||| ||eng||
020 |a 044470258X 
035 |l 10024430 
040 |a GR-MyUa  |b gre  |e AACR2 
041 0 |a eng 
082 7 |a 371.39445   |2 (22) 
110 2 |a European Commission on the Development of Educational Software.   |b Conference   |d (1986 :   |c Enschede, Netherlands) 
245 1 0 |a CAL for Europe :   |b computer-assisted learning for Europe : proceedings of a Conference of the European Commission on the Development of Educational Software, Enschede, The Netherlands, 25-28 May 1986 /   |c edited by Tjeerd Plomp, Koos van Deursen, Jef Moonen. 
260 |a Amsterdam ;   |a New York :   |b North-Holland ;   |a Amsterdam, Netherlands :   |b Elsevier Science Publishers ;   |a New York, N.Y. :   |b Sole distributors for the U.S.A. and Canada, Elsevier Science Pub. Co.,   |c 1987. 
300 |a xiii, 166 σ. :   |b εικ. ;   |c 26 εκ. 
500 |a "Proceedings of the fifth seminar on "Computers in Education" organized under the auspices of the Commission of the European Communities%5E--P. v. 
504 |a Περιλαμβάνει βιβλιογραφίες. 
650 0 |a Computer-assisted instruction  |z Europe  |x Congresses. 
650 0 |a Education  |z Europe  |x Data processing  |x Congresses. 
650 0 |a Education  |z Europe  |x Computer programs  |x Congresses. 
700 1 |a Plomp, Tj. 
700 1 |a Deursen, Koos van. 
700 1 |a Moonen, Jef. 
710 2 |a Commission of the European Communities. 
852 |a INST  |b CHIOS  |e 19950710  |h 371.39445 CAL  |p 005200001420  |q 005200001420  |t BK  |y 0